Statistics for TTPD tracklist!

Click here to take the quiz!

General Stats

  • This quiz has been taken 165 times
  • The average score is 27 of 31

Answer Stats

Track #Answer% Correct
1Fortnight (feat. Post Malone)
100%
2The Tortured Poets Department
98%
5So Long, London
97%
3My Boy Only Breaks His Favorite Toys
95%
4Down Bad
94%
13I Can Do It With A Broken Heart
93%
17The Black Dog
93%
8Florida!!! (feat.Florence and The Machine)
92%
31The Manuscript
92%
16Clara Bow
90%
28Peter
90%
22So High School
90%
15The Alchemy
90%
6But Daddy I Love Him
89%
24thanK you aIMee
88%
19The Albatross
87%
10Who's Afraid of Little Old Me?
86%
9Guilty As Sin?
85%
12loml
85%
27Cassandra
84%
11I Can Fix Him (No Really I Can)
84%
14The Smallest Man Who Ever LIved
83%
29The Bolter
81%
20Chloe or Sam or Sophia or Marcus
79%
30Robin
79%
7Fresh Out The Slammer
77%
21How Did It End?
74%
23I Hate It Here
74%
26The Prophecy
73%
18imgonnagetyouback
71%
25I Look In People's Windows
64%

Score Distribution

Percentile by Number Answered

Percent of People with Each Score

Your Score History

You have not taken this quiz